military equipment - Statistics

General Stats
  • This quiz has been taken 562 times
    558 since last reset
  • The average score is 4 of 11
Answer Stats
Hint Answer % Correct
When was the AK-47 released? 1947
69%
Stanadard SAS sub machine gun? MP5
68%
American standard issue side arm? M9
64%
What does UAV stand for? Unmanned aerial vehicle
48%
Standard US MBT M1 ABRAMS
41%
What rifle did the M14 replace as the standard issue weapon for the US army? M1 Garand
41%
Standard knife of the USMC? KA-BAR
30%
What is the standard British army rifle? L85 A2
25%
What is the standard British army issued Sniper? L96
22%
What does SCAR stand for? Special combat assault rifle
9%
What is the radio used by British army infantry? Personal Role Radio
3%
No matching quizzes found
Score Distribution
Percent of People with Each Score
Percentile by Number Answered
Your Score History
You have not taken this quiz since the last reset